Koperasi kita adalah koperasi gotong-rojong. (Record no. 62685)

MARC details
000 -LEADER
fixed length control field 00637cam a22002411 4500
001 - CONTROL NUMBER
control field sa 65002540
003 - CONTROL NUMBER IDENTIFIER
control field DLC
005 - DATE AND TIME OF LATEST TRANSACTION
control field 20260227112117.0
008 - FIXED-LENGTH DATA ELEMENTS--GENERAL INFORMATION
fixed length control field 890523q io 000 0 ind
010 ## - LIBRARY OF CONGRESS CONTROL NUMBER
LC control number sa 65002540
035 ## - SYSTEM CONTROL NUMBER
System control number (OCoLC)23562566
040 ## - CATALOGING SOURCE
Original cataloging agency DLC
Transcribing agency MiU
Modifying agency DLC
042 ## - AUTHENTICATION CODE
Authentication code premarc
043 ## - GEOGRAPHIC AREA CODE
Geographic area code a-io---
050 00 - LIBRARY OF CONGRESS CALL NUMBER
Classification number HD3543.A4
Item number A48 1964
110 1# - MAIN ENTRY--CORPORATE NAME
Corporate name or jurisdiction name as entry element Indonesia.
Subordinate unit Departemen Penerangan
245 10 - TITLE STATEMENT
Title Koperasi kita adalah koperasi gotong-rojong.
260 ## - PUBLICATION, DISTRIBUTION, ETC.
Place of publication, distribution, etc. [Djakarta,
Date of publication, distribution, etc. cover 1964]
300 ## - PHYSICAL DESCRIPTION
Extent 27 p.
Dimensions 20 cm.
650 #0 - SUBJECT ADDED ENTRY--TOPICAL TERM
Topical term or geographic name entry element Cooperation
Geographic subdivision Indonesia.
700 0# - ADDED ENTRY--PERSONAL NAME
Personal name Soekarno,
Dates associated with a name 1901-1970.
710 2# - ADDED ENTRY--CORPORATE NAME
Corporate name or jurisdiction name as entry element Achmadi.

No items available.

Powered by Koha